| 000 | 00853pam a2200277 a 4500 | ||
|---|---|---|---|
| 001 | 3855287 | ||
| 003 | ARRUPE | ||
| 005 | 20140319140745.0 | ||
| 008 | 880404s1988 nyu b 001 0 eng | ||
| 010 | _a 88012210 | ||
| 020 | _a0415900492 | ||
| 040 |
_aDLC _cDLC _dDLC |
||
| 050 | 0 | 0 |
_aB815 _b.G74 1988 |
| 082 | 0 | 0 |
_a128/.3 _219 |
| 100 | 1 |
_aGreenspan, Patricia S., _d1944- _99179 |
|
| 245 | 1 | 0 |
_aEmotions & reasons : _ban inquiry into emotional justification / _cPatricia S. Greenspan. |
| 260 |
_aNew York : _bRoutledge, _c1988. |
||
| 300 |
_ax, 197 p. ; _c24 cm. |
||
| 500 | _aIncludes index. | ||
| 504 | _aBibliography: p. [177]-191. | ||
| 650 | 0 |
_aEmotions (Philosophy) _99180 |
|
| 740 | 0 | _aEmotions and reasons. | |
| 906 |
_a7 _bcbc _corignew _d1 _eocip _f19 _gy-gencatlg |
||
| 942 |
_2lcc _cMONOGRAPH |
||
| 999 |
_c120228 _d120228 |
||